<?xml version="1.0" encoding="UTF-8"?>
<record
    xmlns:xsi="http://www.w3.org/2001/XMLSchema-instance"
    xsi:schemaLocation="http://www.loc.gov/MARC21/slim http://www.loc.gov/standards/marcxml/schema/MARC21slim.xsd"
    xmlns="http://www.loc.gov/MARC21/slim">

  <leader>008660000a22001210004500</leader>
  <datafield tag="100" ind1="1" ind2=" ">
    <subfield code="a">Rosasco, Hugo Eduardo</subfield>
  </datafield>
  <datafield tag="245" ind1="1" ind2="0">
    <subfield code="a">Divorcio y nuevo casamiento.  Perpectiva b&#xED;blica</subfield>
  </datafield>
  <datafield tag="300" ind1=" " ind2=" ">
    <subfield code="a">Vol.6, n&#xFA;m.18 (2005), P&#xE1;ginas 282-286</subfield>
  </datafield>
  <datafield tag="500" ind1=" " ind2=" ">
    <subfield code="a">Material de discipulado para l&#xED;deres de la Comunidad Cristiana "Manantial de Vida" - Extra&#xED;do y ampliado de una predicaci&#xF3;n del pastor Rogelio Nonini.  Pastor Hugo Eduardo Rosasco Comunidad Cristiana "Manantial de Vida" Berazategui -Bs. As. - Argentina.</subfield>
  </datafield>
  <datafield tag="520" ind1=" " ind2=" ">
    <subfield code="a">Divorico.  &#xBF;El divorcio fue establecido por Dios?  El divorcio b&#xED;blico &#xBF;Era vincular?  El divorciado que se casa : &#xBF;Adultera o vive en adulterio?  &#xBF;Cu&#xE1;les son las excepciones b&#xED;blicas que permiten el divorcio?  &#xBF;Cu&#xE1;l debe ser nuestra actitud frente al divorcio?  &#xBF;Qu&#xE9; hacer?  Curar sus heridas.</subfield>
  </datafield>
  <datafield tag="773" ind1="0" ind2=" ">
    <subfield code="t">Conquista Cristiana</subfield>
  </datafield>
  <datafield tag="942" ind1=" " ind2=" ">
    <subfield code="c">ANA</subfield>
  </datafield>
  <datafield tag="952" ind1=" " ind2=" ">
    <subfield code="0">0</subfield>
    <subfield code="1">0</subfield>
    <subfield code="4">0</subfield>
    <subfield code="7">0</subfield>
    <subfield code="8">HEM</subfield>
    <subfield code="a">FUSBC</subfield>
    <subfield code="b">FUSBC</subfield>
    <subfield code="d">2016-01-26</subfield>
    <subfield code="l">0</subfield>
    <subfield code="o"> </subfield>
    <subfield code="r">2016-01-26 00:00:00</subfield>
    <subfield code="w">2016-01-26</subfield>
    <subfield code="y">ANA</subfield>
  </datafield>
  <datafield tag="999" ind1=" " ind2=" ">
    <subfield code="c">60231</subfield>
    <subfield code="d">60231</subfield>
  </datafield>
</record>
